Most expensive English footballers - Statistics

General Stats
  • This quiz has been taken 73 times
  • The average score is 7 of 10
Answer Stats
Year Buying club Player Price (Euro) % Correct
2023 Bayern Munich Harry Kane €95 million
96%
2023 Real Madrid Jude Bellingham €103 million
96%
2023 Arsenal Declan Rice €116.6 million
91%
2021 Manchester City Jack Grealish €117.5 million
90%
2019 Manchester United Harry Maguire €87 million
79%
2015 Manchester City Raheem Sterling €63.7 million
74%
2021 Manchester United Jadon Sancho €85 million
60%
2021 Arsenal Ben White €58.5 million
59%
2023 Manchester United Mason Mount €64.2 million
50%
2024 Tottenham Hotspur Dominic Solanke €64.3 million
44%
No matching quizzes found
Score Distribution
Percent of People with Each Score
Percentile by Number Answered
Your Score History
You have not taken this quiz